000
00342cam a2200145ua 4500
041
_a
mal
_h
082
_a
020.73494
_b
RAM/PU
100
_a
Raman Menon, Puthezhath .
245
_a
Purana Nighandu /
_c
Puthezhath Raman Menon.
_h
Textual Documents
250
_a
1 /
_b
.
300
_a
484 ; .
504
_a
942
_c
BK
999
_c
6580
_d
6580